| 000 | 01111nam a2200265 a 4500 | ||
|---|---|---|---|
| 001 | 39540 | ||
| 003 | BD-RjUL | ||
| 005 | 20211209053019.0 | ||
| 008 | 160412r20122002ii a||| |||| 001 0 ben d | ||
| 020 |
_a8177562266 _c: TK. 2200.00 |
||
| 035 | _a(BD-RjUL)39653 | ||
| 040 |
_aBD-RjUL _bben _cBD-RjUL |
||
| 041 | _aben | ||
| 082 |
_223 _a745.0954 _bBAB 2012 |
||
| 100 |
_aবসাক, শীলা _9116966 |
||
| 245 |
_aবাংলা নকশি কাঁথা / _cশীলা বসাক |
||
| 260 |
_aকরকাতা : _bআনন্দ পাবলিশার্স প্রাইভেট লিমিটেড, _c২০০২ [ ২য় মুদ্রণ ২০১২ ] |
||
| 300 |
_a[১৪], ২৫ পৃ. : _bচিত্র ; _c২৫ সেমি. |
||
| 505 | _aনির্ঘন্ট সংযুক্ত | ||
| 650 |
_aফোক শিল্প _zভারত _zপশ্চিম বঙ্গ _9121945 |
||
| 650 |
_aকাঁথা _zবাংলাদেশ _9121949 |
||
| 650 |
_aFolk art _zIndia _zWest Bengal _9121945 |
||
| 650 |
_aQuilt _z Bangladesh. _9121946 |
||
| 942 |
_2ddc _cBK |
||
| 999 |
_c39540 _d39540 |
||